Cargando…

Transformations on the Ground : Space and the Power of Land in Botswana /

Detalles Bibliográficos
Autor principal: Griffiths, Anne M. O. (Autor)
Formato: Electrónico eBook
Idioma:Inglés
Publicado: Bloomington, Indiana, USA : Indiana University Press, [2019]
Colección:Book collections on Project MUSE.
Temas:
Acceso en línea:Texto completo

MARC

LEADER 00000cam a22000004a 4500
001 musev2_77313
003 MdBmJHUP
005 20230905051958.0
006 m o d
007 cr||||||||nn|n
008 190409s2019 inu o 00 0 eng d
010 |z  2019017133 
020 |a 9780253043580 
020 |z 9780253043573 
020 |z 9780253043597 
020 |z 9780253043603 
020 |z 9780253043566 
035 |a (OCoLC)1097469132 
040 |a MdBmJHUP  |c MdBmJHUP 
100 1 |a Griffiths, Anne M. O.,  |e author. 
245 1 0 |a Transformations on the Ground :   |b Space and the Power of Land in Botswana /   |c Anne M.O. Griffiths. 
264 1 |a Bloomington, Indiana, USA :  |b Indiana University Press,  |c [2019] 
264 3 |a Baltimore, Md. :  |b Project MUSE,   |c 2021 
264 4 |c ©[2019] 
300 |a 1 online resource (206 pages). 
336 |a text  |b txt  |2 rdacontent 
337 |a computer  |b c  |2 rdamedia 
338 |a online resource  |b cr  |2 rdacarrier 
490 0 |a Framing the global book series 
505 0 |a Part 1. Historical dimensions of land in Botswana: contemporary entanglements -- The international landscape and its influence on land in Botswana -- Reframing the governance of land: global, national, and local intersections -- Institutional frameworks and governance: Kweneng Land Board and the administration of land -- Part 2. The bottom-up impact of land on diverging family lifeworlds and gender relations -- Families, networks, and status: grounded perspectives on access to and control over land -- Transformations on the ground: the changing position of women in relation to land -- Part 3. Law and space: negotiating legal plurality in Botswana -- Negotiating conflict: the handling of disputes in the land tribunal -- Constructing legality in the High Court and the Court of Appeal -- Final reflections: the myth of a single global vision. 
588 |a Description based on print version record. 
650 7 |a Land use  |x Government policy.  |2 fast  |0 (OCoLC)fst00991504 
650 7 |a Land tenure  |x Law and legislation.  |2 fast  |0 (OCoLC)fst00991383 
650 7 |a Globalization  |x Economic aspects.  |2 fast  |0 (OCoLC)fst00943533 
650 7 |a SOCIAL SCIENCE  |x Anthropology  |x Cultural.  |2 bisacsh 
650 0 |a Globalization  |x Economic aspects  |z Botswana. 
650 0 |a Land tenure  |x Law and legislation  |z Botswana. 
650 0 |a Land use  |x Government policy  |z Botswana. 
651 7 |a Botswana.  |2 fast  |0 (OCoLC)fst01205793 
655 7 |a Electronic books.   |2 local 
710 2 |a Project Muse.  |e distributor 
830 0 |a Book collections on Project MUSE. 
856 4 0 |z Texto completo  |u https://projectmuse.uam.elogim.com/book/77313/ 
945 |a Project MUSE - Custom Collection